000 00270nam a2200121Ia 4500
008 190216s9999||||xx |||||||||||||| ||und||
100 _aRamchanra Sami
245 0 _aHindi-Ghoone Lejpath
260 _bKavitha Prakasan
300 _a400
650 _aHindi
942 _cBK
999 _c16166
_d16166